US-Staaten erraten durch ihre Nachbarstaaten - Statistiken

Allgemein
  • Dieses Quiz wurde 92 mal gespielt
  • Das Durchschnittsergebnis liegt bei 35 aus 48
Antwortstatistiken
Hint Antwort % Korrekt
New Hampshire Maine
97%
Idaho, Kalifornien, Washington Oregon
95%
Kalifornien, Nevada, New Mexico, Utah Arizona
92%
Georgia, North Carolina South Carolina
92%
Alabama, Georgia Florida
88%
Indiana, Ohio, Wisconsin Michigan
84%
Idaho, Oregon Washington
84%
Minnesota, Montana, South Dakota North Dakota
82%
Arizona, Nevada, Oregon Kalifornien
81%
Arkansas, Oklahoma, Illinois, Iowa, Kansas, Kentucky, Nebraska, Tennessee Missouri
81%
Arizona, Colorado, Oklahoma, Texas New Mexico
78%
Arkansas, Mississippi, Texas Louisiana
77%
Illinois, Indiana, Missouri, Ohio, Tennessee, Virginia, West Virginia Kentucky
76%
Iowa, North Dakota, South Dakota, Wisconsin Minnesota
76%
Delaware, New York, Pennsylvania New Jersey
76%
Arizona, Colorado, Idaho, Nevada, Wyoming Utah
76%
Massachusetts, New York, Rhode Island Connecticut
74%
Colorado, Iowa, Kansas, Missouri, South Dakota, Wyoming Nebraska
74%
Massachusetts, New Hampshire, New York Vermont
74%
Florida, Georgia, Mississippi, Tennessee Alabama
73%
Maryland, New Jersey, New York Delaware
73%
Connecticut, Massachusetts Rhode Island
73%
North Carolina, Kentucky, Maryland, Tennessee, West Virginia Virginia
73%
Louisiana, Mississippi, Missouri, Oklahoma, Tennessee, Texas Arkansas
72%
Idaho, North Dakota, South Dakota, Wyoming Montana
72%
Arkansas, Louisiana, New Mexico, Oklahoma Texas
72%
Arizona, Idaho, Kalifornien, Oregon, Utah Nevada
70%
Maine, Massachusetts, Vermont New Hampshire
70%
Colorado, Idaho, Montana, Nebraska, South Dakota, Utah Wyoming
70%
Alabama, Florida, North Carolina, South Carolina, Tennessee Georgia
69%
Montana, Nevada, Oregon, Utah, Washington, Wyoming Idaho
68%
Indiana, Iowa, Kentucky, Missouri, Wisconsin Illinois
68%
Illinois, Kentucky, Michigan, Ohio Indiana
68%
Colorado, Missouri, Nebraska, Oklahoma Kansas
68%
Georgia, South Carolina, Tennessee, Virginia North Carolina
68%
Delaware, Maryland, New Jersey, New York, Ohio, West Virginia Pennsylvania
68%
Iowa, Minnesota, Montana, Nebraska, North Dakota, Wyoming South Dakota
68%
Delaware, Pennsylvania, Virginia, West Virginia Maryland
66%
Illinois, Iowa, Michigan, Minnesota Wisconsin
66%
Connecticut, Massachusetts, New Jersey, Pennsylvania, Vermont New York
65%
Alabama, Arkansas, Louisiana, Tennessee Mississippi
64%
Arkansas, Colorado, Kansas, Missouri, New Mexico, Texas Oklahoma
64%
Alabama, Arkansas, Georgia, Kentucky, Mississippi, Missouri, North Carolina, Virginia Tennessee
62%
Illinois, Minnesota, Missouri, Nebraska, South Dakota, Wisconsin Iowa
61%
Indiana, Kentucky, Michigan, Pennsylvania, West Virginia Ohio
61%
Kansas, Nebraska, New Mexico, Oklahoma, Utah, Wyoming Colorado
59%
Kentucky, Maryland, Ohio, Pennsylvania, Virginia West Virginia
59%
Connecticut, New Hampshire, New York, Rhode Island, Vermont Massachusetts
57%
Keine übereinstimmenden Quizze gefunden
Verteilung der Resultate
Anzahl Personen mit jedem Resultat
Perzentil nach korrekt beantworteten Fragen
Ihre Resultats-Entwicklung
Sie haben dieses Quiz noch nicht gespielt